000 00437nam a2200181Ia 4500
001 16515
005 20260306170315.0
008 260306t2008||||xx |||||||||||||| ||und||
041 _aESP
082 _a348.6
_bR73
100 _aRodas Ramírez, Enrique
_eAUT
245 0 _aManual laboral:
_bDe la actividad pública y privada
260 _c2008
300 _a
_c25 cm
650 _aGEN
654 _aCDE
942 _cLIB
_dJUS
_fJUS
_2ddc
_n
999 _c16515
_d16515